000 01271nac a22003857a 4500
001 BR0903474
003 BR-BrBNA
005 20240105123753.0
008 230509b bl.|||m| |||| 00| 0 por d
040 _aBR-BrBNA
_bpor
_cBiblioteca Nacional de Agricultura
072 _aF63
090 _a2120 BR0903474
100 1 _aFonseca, A.F.A. da
100 1 _aFerrão, R.G.
100 1 _aFerrão, M.A.G.
100 1 _aSilva, A.E.S. da
100 1 _aMuner, L.H. de
100 1 _aVerdin Filho, A.C.
100 1 _aVolpi, P.S.
110 1 _aInstituto Capixaba de Pesquisa, Assistência Técnica e Extensão Rural, Vitória, ES (Brasil)
245 1 _aJardins clonais de café conilon, técnicas para formação e condução
260 3 _aVitória, ES (Brasil):
_c2004.
300 _a53 p.
490 _aCircular Técnica - Instituto Capixaba de Pesquisa, Assistência Técnica e Extensão Rural (Brazil)
_vno. 4
_xISSN 1519-0528
500 _a30 illus.; 32 ref.
650 _aCAFÉ
650 _aCOFFEA CANEPHORA
650 _aVARIEDADE
650 _aVARIAÇÃO CLONAL
650 _aREPRODUÇÃO VEGETAL
650 _aPROPAGAÇÃO VEGETATIVA
650 _aESPÍRITO SANTO
909 _a202312
_bLúcia Elande
_c55
_dLúcia Elande
942 _2AGRIS
_n0
_cMS
999 _c296919
_d296919